Logo CIB grande

GESTION DE PRODUCCION DE ALOJAMIENTOS Y RESTAURACION (Registro nro. 223967)

Detalles MARC
000 -LEADER
campo de control de longitud fija 00688nam a2200277Ia 4500
005 - FECHA Y HORA DE LA ÚLTIMA TRANSACCIÓN
campo de control 20250425162159.0
008 - DATOS DE LONGITUD FIJA--INFORMACIÓN GENERAL
campo de control de longitud fija 250425s9999 xx 000 0 und d
020 ## - NÚMERO INTERNACIONAL ESTÁNDAR DEL LIBRO
Número Internacional Estándar del Libro 847738097X
041 ## - CÓDIGO DE IDIOMA
Código de lengua del texto/banda sonora o título independiente spa
043 ## - CÓDIGO DE ÁREA GEOGRÁFICA
Código de área geográfica sp
082 ## - NÚMERO DE LA CLASIFICACIÓN DECIMAL DEWEY
Número de clasificación 658.15937
010 ## - NÚMERO DE CONTROL DE LA BIBLIOTECA DEL CONGRESO
Número de control de LC 54569
100 ## - ENTRADA PRINCIPAL--NOMBRE DE PERSONA
Nombre de persona CERRA, JAVIER
245 #0 - MENCIÓN DEL TÍTULO
Título GESTION DE PRODUCCION DE ALOJAMIENTOS Y RESTAURACION
250 ## - MENCION DE EDICION
Mención de edición 1A ED.
260 ## - PUBLICACIÓN, DISTRIBUCIÓN, ETC.
Lugar de publicación, distribución, etc. España
Nombre del editor, distribuidor, etc. SINTESIS
Fecha de publicación, distribución, etc. 1997
260 ## - PUBLICACIÓN, DISTRIBUCIÓN, ETC.
Lugar de publicación, distribución, etc. MADRID
300 ## - DESCRIPCIÓN FÍSICA
Extensión 552
650 ## - PUNTO DE ACCESO ADICIONAL DE MATERIA--TÉRMINO DE MATERIA
Término de materia o nombre geográfico como elemento de entrada ALOJAMIENTOS
650 ## - PUNTO DE ACCESO ADICIONAL DE MATERIA--TÉRMINO DE MATERIA
Término de materia o nombre geográfico como elemento de entrada GESTION DE HOTELES
650 ## - PUNTO DE ACCESO ADICIONAL DE MATERIA--TÉRMINO DE MATERIA
Término de materia o nombre geográfico como elemento de entrada RESTAURANTES, HOTELES Y SERVICIOS
700 ## - ENTRADA AGREGADA--NOMBRE PERSONAL
Nombre de persona DORADO, JOSE ANTONIO
700 ## - ENTRADA AGREGADA--NOMBRE PERSONAL
Nombre de persona ESTEPA, DIEGO
700 ## - ENTRADA AGREGADA--NOMBRE PERSONAL
Nombre de persona GARCIA, PEDRO
942 ## - ELEMENTOS DE ENTRADA SECUNDARIOS (KOHA)
Tipo de ítem Koha Libros
Existencias
Estatus retirado Estado de pérdida Estado de daño No para préstamo Biblioteca de origen Biblioteca actual Fecha de adquisición Coste, precio normal de compra Total de préstamos Código de barras Copia número Tipo de ítem Koha Nota pública
        CENTRO DE INFORMACIÓN BIBLIOTECARIA CENTRO DE INFORMACIÓN BIBLIOTECARIA 23/05/2005 45.00   60542 1 Libros ESPOL.FIMCBOR:TURISMO

Copyright 2025 ESPOL. Todos los derechos reservados.